|
|
|
|
| LEADER |
00000cas a2200000 a 4500 |
| 001 |
vtls010546283 |
| 003 |
SK-MaSNL |
| 005 |
20260228163543.0 |
| 008 |
130925c20039999xo fr|p 0 0slo |
| 022 |
|
|
|a 1339-3618
|
| 040 |
|
|
|a SNK
|b slo
|c SNK
|e AACR2
|
| 041 |
0 |
|
|a slo
|
| 043 |
|
|
|a e-xo---
|
| 044 |
|
|
|a xo
|c SK
|
| 072 |
|
7 |
|a 394
|x Verejný a spoločenský život. Každodenný život
|2 konspekt
|
| 072 |
|
7 |
|a 352/354
|x Stupne miestnej, oblastnej a ústrednej správy
|2 konspekt
|
| 080 |
|
|
|a 394
|2 2011
|
| 080 |
|
|
|a 353.9
|2 2011
|
| 080 |
|
|
|a 050
|2 2011
|
| 210 |
0 |
|
|a Lastomírske nov.
|
| 222 |
|
0 |
|a Lastomírske novinky
|
| 245 |
0 |
0 |
|a Lastomírske novinky
|b noviny obyvateľov obce Lastomír
|
| 260 |
|
|
|a Lastomír
|b Obecný úrad
|c 2003-
|
| 300 |
|
|
|a zv.
|c 30-33 cm
|
| 310 |
|
|
|a 2x ročne
|
| 362 |
0 |
|
|a Roč. I, č. 1 (2003)-
|
| 500 |
|
|
|a Evidenčné číslo: EV 3158/09
|
| 500 |
|
|
|a Č. 1/2014 a č. 2/2016 majú rozmer 33 cm
|
| 650 |
0 |
7 |
|a každodenný život
|2 SNKPH
|9 4946
|
| 650 |
0 |
7 |
|a územná samospráva
|2 SNKPH
|9 802
|
| 651 |
|
7 |
|a Lastomír (Slovensko)
|2 SNKPH
|9 51756
|
| 655 |
|
7 |
|a miestne periodiká
|2 SNKPH
|9 160938
|
| 856 |
4 |
0 |
|u http://www.obeclastomir.sk/noviny.html
|
| 910 |
|
|
|a snk
|
| 916 |
|
|
|a 2003-2016, 2017-2020
|
| 999 |
|
|
|c 9830
|d 11760
|
| 952 |
|
|
|0 0
|1 0
|4 0
|7 0
|8 0
|a SNK
|b SNK
|d 2021-09-02
|f 1
|i snk2021/11362
|l 0
|o snkČSB 6431/15/2017
|p 17A1435814
|r 2026-02-21 20:00:15
|t č. 1-2
|w 2026-02-21
|y PREZ
|
| 952 |
|
|
|0 0
|1 0
|4 0
|7 0
|8 0
|a SNK
|b SNK
|d 2021-09-02
|f 1
|i snk2021/11371
|l 0
|o snkČSB 6431/16/2018
|p 17A1435815
|r 2026-02-21 20:00:15
|t č. 1-2
|w 2026-02-21
|y PREZ
|
| 952 |
|
|
|0 0
|1 0
|4 0
|7 0
|8 0
|a SNK
|b SNK
|d 2021-09-02
|f 1
|i snk2021/11372
|l 0
|o snkČSB 6431/17/2019
|p 17A1435816
|r 2026-02-21 20:00:15
|t č. 1-2
|w 2026-02-21
|y PREZ
|
| 952 |
|
|
|0 0
|1 0
|4 0
|7 0
|8 0
|a SNK
|b SNK
|d 2021-09-02
|f 1
|i snk2021/11373
|l 0
|o snkČSB 6431/18/2020
|p 17A1435817
|r 2026-02-21 20:00:16
|t č. 1-2, neúplné
|w 2026-02-21
|y PREZ
|z Chýba č. 1
|
| 952 |
|
|
|0 0
|1 0
|4 0
|7 0
|8 0
|a SNK
|b SNK
|d 2017-06-01
|f 1
|i snk2017/12774
|l 0
|o snkČSB 6431/1/2003
|p 17A1207145
|r 2026-02-21 22:17:49
|t č. 1-2
|w 2026-02-21
|y PREZ
|
| 952 |
|
|
|0 0
|1 0
|4 0
|7 0
|8 0
|a SNK
|b SNK
|d 2017-06-01
|f 1
|i snk2017/12774
|l 0
|o snkČSB 6431/2/2004
|p 17A1207146
|r 2026-02-21 22:17:49
|t č. 1-2
|w 2026-02-21
|y PREZ
|
| 952 |
|
|
|0 0
|1 0
|4 0
|7 0
|8 0
|a SNK
|b SNK
|d 2017-06-01
|f 1
|i snk2017/12774
|l 0
|o snkČSB 6431/3/2005
|p 17A1207147
|r 2026-02-21 22:17:49
|t č. 1-2
|w 2026-02-21
|y PREZ
|
| 952 |
|
|
|0 0
|1 0
|4 0
|7 0
|8 0
|a SNK
|b SNK
|d 2017-06-01
|f 1
|i snk2017/12774
|l 0
|o snkČSB 6431/4/2006
|p 17A1207148
|r 2026-02-21 22:17:49
|t č. 1-2
|w 2026-02-21
|y PREZ
|
| 952 |
|
|
|0 0
|1 0
|4 0
|7 0
|8 0
|a SNK
|b SNK
|d 2017-06-01
|f 1
|i snk2017/12774
|l 0
|o snkČSB 6431/5/2007
|p 17A1207149
|r 2026-02-21 22:17:49
|t č. 1-2
|w 2026-02-21
|y PREZ
|
| 952 |
|
|
|0 0
|1 0
|4 0
|7 0
|8 0
|a SNK
|b SNK
|d 2017-06-01
|f 1
|i snk2017/12774
|l 0
|o snkČSB 6431/6/2008
|p 17A1207150
|r 2026-02-21 22:17:49
|t č. 1-2
|w 2026-02-21
|y PREZ
|
| 952 |
|
|
|0 0
|1 0
|4 0
|7 0
|8 0
|a SNK
|b SNK
|d 2017-06-01
|f 1
|i snk2017/12774
|l 0
|o snkČSB 6431/7/2009
|p 17A1207151
|r 2026-02-21 22:17:49
|t č. 1-2
|w 2026-02-21
|y PREZ
|
| 952 |
|
|
|0 0
|1 0
|4 0
|7 0
|8 0
|a SNK
|b SNK
|d 2017-06-01
|f 1
|i snk2017/12774
|l 0
|o snkČSB 6431/8/2010
|p 17A1207152
|r 2026-02-21 22:17:49
|t č. 1-2
|w 2026-02-21
|y PREZ
|
| 952 |
|
|
|0 0
|1 0
|4 0
|7 0
|8 0
|a SNK
|b SNK
|d 2017-06-01
|f 1
|i snk2017/12774
|l 0
|o snkČSB 6431/9/2011
|p 17A1207153
|r 2026-02-21 22:17:49
|t č. 1-2
|w 2026-02-21
|y PREZ
|
| 952 |
|
|
|0 0
|1 0
|4 0
|7 0
|8 0
|a SNK
|b SNK
|d 2017-06-01
|f 1
|i snk2017/12774
|l 0
|o snkČSB 6431/10/2012
|p 17A1207154
|r 2026-02-21 22:17:49
|t č. 1-2
|w 2026-02-21
|y PREZ
|
| 952 |
|
|
|0 0
|1 0
|4 0
|7 0
|8 0
|a SNK
|b SNK
|d 2017-06-01
|f 1
|i snk2017/12774
|l 0
|o snkČSB 6431/11/2013
|p 17A1207155
|r 2026-02-21 22:17:49
|t č. 1-2
|w 2026-02-21
|y PREZ
|
| 952 |
|
|
|0 0
|1 0
|4 0
|7 0
|8 0
|a SNK
|b SNK
|d 2017-06-01
|f 1
|i snk2017/12774
|l 0
|o snkČSB 6431/12/2014
|p 17A1207156
|r 2026-02-21 22:17:49
|t č. 1-2
|w 2026-02-21
|y PREZ
|
| 952 |
|
|
|0 0
|1 0
|4 0
|7 0
|8 0
|a SNK
|b SNK
|d 2017-06-01
|f 1
|i snk2017/12774
|l 0
|o snkČSB 6431/13/2015
|p 17A1207157
|r 2026-02-21 22:17:49
|t č. 1-2
|w 2026-02-21
|y PREZ
|
| 952 |
|
|
|0 0
|1 0
|4 0
|7 0
|8 0
|a SNK
|b SNK
|d 2017-06-01
|f 1
|i snk2017/12774
|l 0
|o snkČSB 6431/14/2016
|p 17A1207158
|r 2026-02-21 22:17:49
|t č. 1-2
|w 2026-02-21
|y PREZ
|